000 00599nam a2200229Ia 4500
003 OSt
005 20221007074637.0
006 a|||||r|||| 00| 0
007 ta
008 221006b |||||||| |||| 00| 0 eng d
024 _a11,695
037 _cTextual
040 _aFLL
_cFLL
_beng
041 _2eng
_aeng
082 _aXM55:Z2, P5
100 _aKothari Vinod Au.
_9684866
245 0 _aSecuritisation
260 _aNagpur
_bWadhwa and comp, India
_c2005
300 _axxxvi,543p
_ccm.
942 _hXM55:Z2, P5
_cTEXL
_2CC
999 _c1153184
_d1153184